NATO phonetic alphabet - Statistics

General Stats
  • This quiz has been taken 581 times
  • The average score is 8 of 26
Answer Stats
Hint Answer % Correct
R Romeo
41%
I India
40%
D Delta
37%
E Echo
37%
F Foxtrot
36%
P Papa
36%
S Sierra
36%
X Xray
36%
G Golf
33%
N November
33%
B Bravo
32%
H Hotel
32%
Z Zulu
32%
O Oscar
31%
J Juliett
30%
M Mike
30%
C Charlie
28%
V Victor
28%
T Tango
27%
A Alfa
26%
U Uniform
26%
K Kilo
24%
Q Quebec
24%
W Whiskey
24%
L Lima
23%
Y Yankee
23%
No matching quizzes found
Score Distribution
Percent of People with Each Score
Percentile by Number Answered
Your Score History
You have not taken this quiz